[Event "Rome ASR op"]
[Site "Rome"]
[Date "2011.09.15"]
[Round "1"]
[White "Sinibaldi, Francesco"]
[Black "Pardo, Paolo"]
[Result "0-1"]
[WhiteElo "1413"]
[BlackElo "1748"]
[PlyCount "41"]
[EventDate "2011.09.15"]
[EventType "swiss"]
[EventRounds "5"]
[EventCountry "ITA"]
[SourceTitle "EXT 2024"]
[Source "ChessBase"]
[SourceDate "2023.10.10"]
[SourceVersion "1"]
[SourceVersionDate "2023.10.10"]
[SourceQuality "1"]

1. c4 Nf6 2. Nc3 c5 3. g3 d5 4. cxd5 Nxd5 5. Bg2 e6 6. a3 Be7 7. e3 0-0 8. Nge2 b6 9. 0-0 Bb7 10. e4 Nxc3 11. Nxc3 Qd3 12. Qe2 Rd8 13. f4 Nc6 14. Qxd3 Rxd3 15. Nd1 Nd4 16. Kh1 Nb3 17. Nf2 Rd4 18. d3 Nxa1 19. Be3 Nc2 20. Bxd4 Nxd4 21. Nd1 0-1

[Event "Rome La Lupa op"]
[Site "Rome"]
[Date "2010.06.17"]
[Round "7"]
[White "Romano, Marco Motraz"]
[Black "Pardo, Paolo"]
[Result "1/2-1/2"]
[WhiteElo "1615"]
[BlackElo "1706"]
[PlyCount "106"]
[EventDate "2010.05.09"]
[EventType "swiss"]
[EventRounds "7"]
[EventCountry "ITA"]
[SourceTitle "EXT 2024"]
[Source "ChessBase"]
[SourceDate "2023.10.10"]
[SourceVersion "1"]
[SourceVersionDate "2023.10.10"]
[SourceQuality "1"]

1. e4 c5 2. Nf3 e6 3. d4 cxd4 4. Nxd4 Nc6 5. Nb5 d6 6. c4 a6 7. N5c3 Nf6 8. Be3 Qc7 9. Be2 Be7 10. Na3 b6 11. 0-0 0-0 12. f4 Rd8 13. Rc1 Bb7 14. Bf3 Na5 15. Qe2 Rac8 16. Na4 Nd7 17. Qf2 Nc5 18. Nc3 Nc6 19. Nc2 Bf6 20. Qd2 Na5 21. Na3 Bxc3 22. Qxc3 Nxe4 23. Qb4 Nc5 24. Qe1 Nd3 25. Qg3 Nxc1 26. Rxc1 Bxf3 27. Qxf3 Nb7 28. b4 Rd7 29. Qf2 Qd8 30. Bxb6 Qe7 31. c5 dxc5 32. bxc5 Nd8 33. Nc4 Nc6 34. Ne5 Rd5 35. Qe2 a5 36. Qa6 Qf8 37. Nxc6 Rxc6 38. Qxa5 Qb8 39. Qb4 Rd7 40. a4 Qb7 41. Qe4 Rd5 42. a5 Rd2 43. Qe3 Qd7 44. a6 Qd5 45. Qf3 Qd4+ 46. Kf1 Qb2 47. Re1 Rc8 48. a7 Qb5+ 49. Kg1 Qa6 50. f5 e5 51. Qe4 f6 52. Qf3 Qa4 53. Qc3 Qd4+ 1/2-1/2

[Event "Rome La Lupa op"]
[Site "Rome"]
[Date "2010.05.27"]
[Round "5"]
[White "Pardo, Paolo"]
[Black "Zarfati, Daniele"]
[Result "1-0"]
[WhiteElo "1706"]
[BlackElo "1568"]
[PlyCount "89"]
[EventDate "2010.05.09"]
[EventType "swiss"]
[EventRounds "7"]
[EventCountry "ITA"]
[SourceTitle "EXT 2024"]
[Source "ChessBase"]
[SourceDate "2023.10.10"]
[SourceVersion "1"]
[SourceVersionDate "2023.10.10"]
[SourceQuality "1"]

1. e4 c5 2. Nf3 d6 3. c3 Nf6 4. Be2 Nc6 5. d4 cxd4 6. cxd4 Bd7 7. Nc3 e5 8. d5 Ne7 9. 0-0 Ng6 10. Bg5 h6 11. Bxf6 Qxf6 12. Nb5 Qd8 13. Rc1 Bxb5 14. Bxb5+ Ke7 15. Qc2 Kf6 16. Qc7 Rb8 17. Qxd8+ Rxd8 18. Rc7 Rb8 19. Rfc1 Be7 20. Rd7 Rhd8 21. Rcc7 Rxd7 22. Rxd7 Nf8 23. Rc7 Bd8 24. Rc4 Ke7 25. Nh4 g6 26. g3 a6 27. Ba4 b5 28. Rb4 Bc7 29. Bd1 Ba5 30. Rb3 Rc8 31. Bg4 Rc1+ 32. Kg2 Rc2 33. Ra3 Be1 34. Rxa6 Rxf2+ 35. Kh3 Rxb2 36. Ng2 Bb4 37. Ne3 Bc5 38. Nf1 Rb4 39. Bf3 Ra4 40. Rxa4 bxa4 41. Bd1 a3 42. Nd2 Nd7 43. Kg4 Nb6 44. Kf3 Na4 45. Bxa4 1-0